| 000 | 00741nam a2200217 a 4500 | ||
|---|---|---|---|
| 001 | BRCA_6241 | ||
| 005 | 20190320205401.0 | ||
| 008 | 200711s1934----mx-ao#####---#000-0#spa-# | ||
| 041 | _aspa | ||
| 044 | _amx | ||
| 050 | 4 |
_aJ172 _b.S34 1934 |
|
| 245 | 1 | 0 | _aInforme que rinde el C. Jefe del Departamento del Distrito Federal, Lic. Aarón Sáenz a la Ciudad de México |
| 260 |
_aMéxico _bTalleres Gráficos de la Penitenciaría _c1934 |
||
| 300 |
_a74 p. _bil., fotografías _c22 cm. |
||
| 500 | _aEstado físico: ilustración de la cubierta desprendida, cubiertas rotas | ||
| 500 | _aK101 | ||
| 651 | 4 |
_aMéxico (Ciudad) _xPolítica y gobierno _915679 |
|
| 651 | 4 |
_aMéxico _xPolítica y gobierno _97019 |
|
| 902 | _aGFM | ||
| 942 |
_2lcc _cB |
||
| 999 |
_c5928 _d5928 |
||